| 000 | 00952cam a2200301 i 4500 | ||
|---|---|---|---|
| 001 | 009029453 | ||
| 003 | EG-ScBUE | ||
| 005 | 20230730094002.0 | ||
| 008 | 711106s1971 enkabf f b 001 0 eng d | ||
| 020 | _a0416669107 | ||
| 040 |
_aUk _beng _erda _cUk _dEG-ScBUE |
||
| 082 | 0 | 4 |
_a915.504 _bSTE _222 |
| 100 | 1 |
_aStevens, Roger, _cSir, _d1906- _eauthor. |
|
| 245 | 1 | 4 |
_aThe land of the great Sophy / _cRoger Stevens. |
| 250 | _aSecond edition. | ||
| 264 | 1 |
_aLondon : _bMethuen & Co. LTD, _c1971. |
|
| 300 |
_axviii, 326 pages,16 plates : _billustrations, maps ; _c23 cm |
||
| 336 |
_2rdacontent _atext _btxt |
||
| 337 |
_2rdamedia _aunmediated _bn |
||
| 338 |
_2rdacarrier _avolume _bnc |
||
| 500 | _aMap on lining papers. | ||
| 500 | _aPrevious ed. 1962. | ||
| 504 | _aIncludes bibliographical references and index. | ||
| 651 | 7 |
_aIran _xDescription and travel. _2BUEsh |
|
| 653 |
_bGGEN _cJanuary2018 |
||
| 655 | _vReading book | ||
| 942 |
_2ddc _cBB |
||
| 999 |
_c25939 _d25911 |
||